Migration and international legal norms
Αποθηκεύτηκε σε:
| Άλλοι συγγραφείς: | , |
|---|---|
| Μορφή: | Βιβλίο |
| Γλώσσα: | English |
| Δημοσίευση: |
The Huge :
T.M.C,
2003
|
| Θέματα: | |
| Ετικέτες: |
Προσθήκη ετικέτας
Δεν υπάρχουν, Καταχωρήστε ετικέτα πρώτοι!
|
MARC
| LEADER | 00000cam a2200000 i 4500 | ||
|---|---|---|---|
| 001 | 1/85751 | ||
| 008 | 050919s2003 eng d | ||
| 020 | |a 90-6704-157-2 | ||
| 035 | |l 10080354 | ||
| 040 | |a GR-MY-UA |b gre |e aacr | ||
| 041 | 0 | |a eng | |
| 082 | 0 | |a 341 |2 (22) | |
| 245 | 1 | 0 | |a Migration and international legal norms / |c editors T. Alexander Aleinikoff, Vincent Chetail |
| 260 | |a The Huge : |b T.M.C, |c 2003 | ||
| 300 | |a xxviii, 353 σ.; |c 25 εκ. | ||
| 504 | |a Includes bibliographical references and index | ||
| 650 | 0 | 0 | |a Emigration and immigration law. |
| 650 | 0 | 0 | |a International law. |
| 700 | 1 | |a Aleinikoff, Thomas Alexander, |d 1952- |4 edt | |
| 700 | 1 | |a Chetail, Vincent. |4 edt | |
| 852 | |a INST |b RHODES |e 20050919 |h 341 MIG |p 005400022217 |q 005400022217 |t BK |y 0 | ||
| 901 | |a BIBL4-2005-3 | ||
| 909 | |a Ρ |b 122516 | ||
| 970 | |a ΣΙΔΕΡΗ |b ΝΕΚΤΑΡΙΑ |z 2005/09/19 | ||